Building Construction (Record no. 14033)
[ view plain ]
| 000 -LEADER | |
|---|---|
| fixed length control field | 00497nam a2200193Ia 4500 |
| 008 - FIXED-LENGTH DATA ELEMENTS--GENERAL INFORMATION | |
| fixed length control field | 220803s9999 xx 000 0 und d |
| 020 ## - INTERNATIONAL STANDARD BOOK NUMBER | |
| International Standard Book Number | 81-85594-75-0 |
| 041 ## - LANGUAGE CODE | |
| Language code of text/sound track or separate title | eng |
| 082 ## - DEWEY DECIMAL CLASSIFICATION NUMBER | |
| Classification number | 721.044 RAN/RAN |
| 100 ## - MAIN ENTRY--PERSONAL NAME | |
| Personal name | Rangwala K S |
| 9 (RLIN) | 21166 |
| 245 ## - TITLE STATEMENT | |
| Title | Building Construction |
| 250 ## - EDITION STATEMENT | |
| Edition statement | 26th |
| 260 ## - PUBLICATION, DISTRIBUTION, ETC. (IMPRINT) | |
| Place of publication, distribution, etc. | Anand |
| Name of publisher, distributor, etc. | Charotar Publishing House |
| Date of publication, distribution, etc. | 2008 |
| 300 ## - PHYSICAL DESCRIPTION | |
| Extent | 831p |
| 500 ## - GENERAL NOTE | |
| Keywords | Architecture |
| 520 ## - SUMMARY, ETC. | |
| Summary, etc. | Withdrawn |
| 650 ## - SUBJECT ADDED ENTRY--TOPICAL TERM | |
| Topical term or geographic name as entry element | Building Technology |
| 9 (RLIN) | 21167 |
| 700 ## - ADDED ENTRY--PERSONAL NAME | |
| Personal name | Rangwala S C. |
| 9 (RLIN) | 21168 |
| Withdrawn status | Lost status | Damaged status | Not for loan | Home library | Current library | Shelving location | Date acquired | Vendor | Cost, normal purchase price | Full call number | Barcode | Date last seen | Cost, replacement price | Bill Date | Koha item type | Original Barcode |
|---|---|---|---|---|---|---|---|---|---|---|---|---|---|---|---|---|
| Withdrawn | Dr. Bhanuben Nanavati College of Architecture | Dr. Bhanuben Nanavati College of Architecture | 30/03/2010 | Om Book Stall | 136.00 | 690 RAN/RAN | BNCA-BK-6821 | 03/08/2022 | 160.00 | 27/03/2010 | Books | B006821 |